| 000 | 02049nam a2200325 a 4500 | ||
|---|---|---|---|
| 001 | 27636 | ||
| 003 | BD-RjUL | ||
| 005 | 20231019090939.0 | ||
| 008 | 140325m19601925uk 001 0 eng | ||
| 035 | _a(BD-RjUL)27715 | ||
| 040 |
_aDLC _cDLC _dDLC _dBD-RjUL _beng |
||
| 041 | 1 |
_aeng _hper |
|
| 082 | 0 | 0 |
_a891.5511 _bRUM 1925-1960 _223 |
| 100 | 0 |
_aالرومي, جلال الدين محمد بن الحسين البلخي ثم ;; Rumi, Jalalu'ddin. _d1207-1273. _984874 |
|
| 245 | 1 | 4 |
_aكتاب مثنوي معنوي = The Mathnawi of Jalalu'ddin Rumi / _cجلال الدين محمد بن الحسين البلخي ثم الرومي ; edited from the oldest manuscripts available, with critical notes, translation & commentary by Reynold A. Nicholson.رينولد الين نيكلسون |
| 260 |
_aLondon : _bMessrs. Luzac & co. Ltd,.دار مطبعه بريل در ليدن از بلاد هالاند بتطبع رسيد _c1925-1940 [Reprint 1960]. |
||
| 300 |
_a v. ; _c25 cm. |
||
| 490 | _a"E.J.W. Gibb memorial" series | ||
| 490 |
_aNew Series ; _vIV. 1- IV. 8 |
||
| 500 | _aTranslation of: Mas̲navī. | ||
| 500 | _aIncludes indexes. | ||
| 505 | 0 | _aVol. 1, Containing the text of the First & Second books -- v.2, Containing the Translation of the First & Second books -- v.3, Containing the text of the Third & Fourth books -- v.4, Containing the translation of the Third & Fourth books -- v. 5 Containing the text of the Fifth and Sixth books and Indices -- v. 6, Containing the translation of the Fifth and Sixth books -- v.7, Containing the commentary on the First & Second books -- v.8, Containing the commentary on the Third, Fourth, Fifth & Sixth books, with indices to volumes 7 & 8 | |
| 650 | 0 |
_aSufi poetry, Persian _xHistory and criticism. _984876 |
|
| 700 | 1 |
_aNicholson, Reynold Alleyne, _d1868-1945. _91461 |
|
| 830 |
_a"E.J.W. Gibb memorial" series _91462 |
||
| 830 |
_aNew Series ; _vIV. 1- IV. 8 _9747 |
||
| 942 |
_2ddc _cBK |
||
| 999 |
_c27636 _d27636 |
||